| 000 | 00404nam a22001577a 4500 | ||
|---|---|---|---|
| 003 | OSt | ||
| 005 | 20211115093311.0 | ||
| 008 | 211115b |||||||| |||| 00| 0 eng d | ||
| 040 | _cHawassa University | ||
| 050 |
_a641.3/POL _b1 |
||
| 082 |
_a641.3/POL _b1 |
||
| 100 |
_aPollard,Belle L. _918264 |
||
| 245 | _aExperiences With Foods | ||
| 260 |
_aNew York _bGinn and Company _c1961 |
||
| 942 |
_2ddc _cBOOKS _n0 |
||
| 999 |
_c18126 _d18126 |
||